Originál - preklad interpretačná terminológia

Na minha lista:
Detalhes bibliográficos
Formato: Livro
Idioma:eslovaco
Publicado em: Bratislava Tatran 1983
Tags: Adicionar Tag
Sem tags, seja o primeiro a adicionar uma tag!

MARC

LEADER 00000nam a2200000 4500
001 c116412
005 20041019155204.5
041 0 |a slo 
044 |a SK 
245 1 0 |a Originál - preklad  |b interpretačná terminológia 
264 1 |a Bratislava  |b Tatran  |c 1983 
300 |a 362 s.